| 000 | 00759nam a22002413a 4500 | ||
|---|---|---|---|
| 001 | 22028 | ||
| 003 | BD-RjUL | ||
| 005 | 20211209000746.0 | ||
| 008 | 860101s1956 ii a b 000 0 eng d | ||
| 035 | _a(BD-RjUL)22093 | ||
| 040 |
_aTEU _cTEU _dEQO _dBD-RjUL _beng |
||
| 041 | _aeng | ||
| 082 |
_a891.51 _bIQL |
||
| 100 | 1 |
_aIqbal, Afzal. _95063 |
|
| 245 | 1 | 4 |
_aThe life and thought of Mohammad Jalal-ud-din Rumi / _cby Afzal Iqbal ; with a foreword by A.J. Arberry. |
| 260 |
_aLahore : _bBazm-i-Iqbal, _c1956. |
||
| 300 |
_a196 p. : _bill. ; _c24 cm. |
||
| 504 | _aIncludes bibliographical references. | ||
| 600 | 0 | 0 |
_aJalāl al-Dīn Rūmī, _cMaulana, _d1207-1273. _968039 |
| 650 | 0 |
_aSufis _vBiography. _968031 |
|
| 942 |
_2ddc _cBK |
||
| 999 |
_c22028 _d22028 |
||